El nuevo liberalismo
Gorde:
| Egile nagusia: | |
|---|---|
| Formatua: | Liburua |
| Hizkuntza: | gaztelania |
| Argitaratua: |
Madrid
Tecnos
1982
|
| Gaiak: | |
| Etiketak: |
Etiketa erantsi
Etiketarik gabe, Izan zaitez lehena erregistro honi etiketa jartzen!
|
MARC
| LEADER | 00000nam a2200000 a 4500 | ||
|---|---|---|---|
| 001 | UCV3206 | ||
| 003 | CL-VaPUC | ||
| 008 | 930430e19820000SP |||||||||||||||||spa|d | ||
| 082 | 0 | 4 | |a 320.51 |b DAH |2 21 |
| 100 | 0 | |a Dahrendorf, Ralf |e author |9 297476 | |
| 245 | 1 | 3 | |a El nuevo liberalismo |
| 300 | |a 149 p | ||
| 942 | |c BK | ||
| 945 | |d 19930430 00:00:00 | ||
| 260 | |a Madrid |b Tecnos |c 1982 | ||
| 650 | 0 | |a Liberalismo |9 255715 | |
| 650 | 0 | |a Aspectos económicos |9 255165 | |
| 583 | |a last modification |c 19930430 00:00:00 |k Rodrigo Vera | ||
| 999 | |c 210509 |d 210507 | ||
| 952 | |0 0 |1 0 |4 0 |6 320_510000000000000_DAH_1982 |7 0 |8 DER_TF |9 186817 |a BIBDER |b BIBDER |d 2019-11-14 |i 2544261 |o 320.51 DAH 1982 |p 2544261 |r 2023-01-25 |w 2019-11-14 |x Ubicación 4to Piso |y BK |z Estos recursos deben solicitarse con anticipación |k DER | ||